Normal view
MARC view
Entry Topical Term
001 - CONTROL NUMBER
- control field: 11234
003 - CONTROL NUMBER IDENTIFIER
- control field: BD-RjUL
005 - DATE AND TIME OF LATEST TRANSACTION
- control field: 20240129150540.0
008 - FIXED-LENGTH DATA ELEMENTS
- fixed length control field: 240129|| aca||aabn | a|a d
040 ## - CATALOGING SOURCE
- Original cataloging agency: BD-RjUL
- Transcribing agency: BD-RjUL
150 ## - HEADING--TOPICAL TERM
- Topical term or geographic name entry element: Fair Irish maid
670 ## - SOURCE DATA FOUND
- Source citation: Work cat.: (BD-RjUL)82846: McCarthy, Justin H. (Justin Huntly), 1860-1936. 11232, The fair Irish maid /, 1911.